Normal view
MARC view
- اللغة العربية-الكتابة العربية-الكتابة العربية الادبية والعلمية
Entry Topical Term
001 - CONTROL NUMBER
- control field: 8094
003 - CONTROL NUMBER IDENTIFIER
- control field: JO-AjAnu
005 - DATE AND TIME OF LATEST TRANSACTION
- control field: 20230606071615.0
008 - FIXED-LENGTH DATA ELEMENTS
- fixed length control field: 230606|| aca||aabn | a|a d
040 ## - CATALOGING SOURCE
- Original cataloging agency: JO-AjAnu
- Transcribing agency: JO-AjAnu
150 ## - HEADING--TOPICAL TERM
- Topical term or geographic name entry element: اللغة العربية-الكتابة العربية-الكتابة العربية الادبية والعلمية
670 ## - SOURCE DATA FOUND
- Source citation: Work cat.: (JO-AjAnu)4180: تاليف موسى،أشرف محمد, author 8093, الكتابة العربية الادبية والعلمية